000 00756nam a2200253 a 4500
001 43457
003 BD-RjUL
005 20211209053712.0
008 160622s1960 enka 00110 eng d
035 _a(BD-RjUL)43575
035 _a777147
040 _aVCTO
_cVCTO
_beng
041 _aeng
082 _a330.16
_bILP 1960
100 1 _aIles, Dennis J.
_q(Dennis John)
_9133456
245 1 0 _aProblems of full employment /
_cby D.J. Iles and C.A. Tucker.
260 _aLondon :
_bRoutledge & Kegan Paul,
_cc1960.
300 _ax, 265 p. :
_bill. ;
_c19 cm.
500 _aIncludes index
650 0 _aEmployment (Economic theory)
_9133457
651 0 _aGreat Britain
_xEconomic policy
_y1945-
_9133458
700 1 _aTucker, C. A.
_9133459
942 _2ddc
_cBK
999 _c43457
_d43457